[Event "GAMMA Reykjavik Open 2019"]
[Site "Reykjavik"]
[Date "2019.04.08"]
[Round "1.11"]
[White "Petrosian, Tigran L."]
[Black "Salles, Louis"]
[Result "1-0"]
[WhiteElo "2605"]
[BlackElo "2221"]
[Annotator "TA"]
[PlyCount "73"]
[EventDate "2019.04.04"]
[EventType "swiss"]
[EventCountry "ISL"]
[SourceTitle "playchess.com"]
[Source "ChessBase"]
[SourceQuality "1"]

{[%evp 26,73,-6,-31,5,10,28,0,29,-60,-35,-90,-112,-113,-80,-101,-86,-70,-72,-46,0,0,-17,-61,-50,-25,59,75,48,37,297,291,319,297,314,277,750,730,1401,1296,5418,5410,29993,29994,29995,29995,29995,29996,29998,29999]} 1. Nf3 d5 2. g3 Nf6 3. Bg2 e6 4. O-O Be7 5. d3 O-O 6. Nbd2 {[%cal Bb1d2,Bd2f1,Bf1h2][%mdl 32]} c5 7. e4 Nc6 8. Re1 b5 {[%cal Bb7b5,Bb5b4][%mdl 32]} 9. e5 Nd7 10. Nf1 a5 {[%cal Ba7a5,Ba5a4][%mdl 32]} 11. h4 a4 12. a3 b4 13. N1h2 Ba6 14. Bf4 Qb6 {C00: French: Unusual White 2nd moves} (14... bxa3 15. bxa3 Rb8 16. h5 Rb2 17. h6 g6 18. Ng4 Nd4 19. Bc1 Rb8 20. Be3 Nf5 21. Bf4 Rb2 22. Qc1 {1-0 (35) Aguero Jimenez,L (2473)-Perez Mitjans,O (2399) Barbera del Valles 2018}) 15. h5 $146 ({Predecessor:} 15. Qd2) 15... h6 16. Qd2 Rfc8 {The position is equal.} 17. g4 (17. Ng4 $11) 17... c4 18. d4 {[#]} ({Better is} 18. dxc4 $15 Bxc4 19. g5) 18... c3 $1 {[%mdl 512]} 19. bxc3 bxc3 ({Of course not} 19... bxa3 $6 20. g5 $11) 20. Qd1 Rab8 21. Kh1 Na5 22. g5 hxg5 (22... Nb3 $5 23. gxh6 Nxa1 24. Qxa1 Bc4 $15) 23. Bxg5 Qd8 $1 24. Bxe7 Qxe7 25. Rg1 {[#]} Rb2 ({Black should play} 25... Nb3 $1 $11 {[%mdl 512]} 26. Rb1 (26. cxb3 axb3) 26... Qxa3) 26. Bf1 $1 $14 {[%cal Rf1a6]} Bxf1 {[%mdl 64] Overworked Piece} 27. Qxf1 Rxc2 $2 {[%mdl 8192] [#]} (27... Nc4 $1 $14) 28. Qa6 $1 $18 {[%cal Ra6c8]} Qd8 29. h6 g6 30. Qd3 Rxf2 $2 {[#]} ({Reject} 30... Rb2 {[#]} 31. Rxg6+ $1 {[%mdl 512]} Kf8 32. Ng5 $18) (30... Rd2 31. Nxd2 cxd2) 31. Rxg6+ $1 {[%mdl 512]} Kh8 (31... fxg6 32. Qxg6+) 32. Rg7 {[%csl Gg7][%cal Rd3h7]} f5 33. exf6 Nxf6 34. Ne5 {[%cal Re5g6] White mates.} Qe8 35. Ng6+ Qxg6 36. Qxg6 c2 {[#]} 37. Rh7+ $1 {[%mdl 576] Clearance. Accuracy: White = 67%, Black = 16%.} 1-0

[Event "GAMMA Reykjavik Open 2019"]
[Site "Reykjavik"]
[Date "2019.04.08"]
[Round "1.12"]
[White "Ghazarian, Kirk"]
[Black "Gupta, Abhijeet"]
[Result "1/2-1/2"]
[WhiteElo "2209"]
[BlackElo "2602"]
[Annotator "TA"]
[PlyCount "113"]
[EventDate "2019.04.04"]
[EventType "swiss"]
[EventCountry "ISL"]
[SourceTitle "playchess.com"]
[Source "ChessBase"]
[SourceQuality "1"]

{[%evp 9,113,26,18,18,21,22,18,20,11,4,22,24,27,16,24,0,7,0,0,0,0,0,0,0,0,0,10,13,14,0,0,0,0,0,0,0,0,0,0,-6,-17,-6,-6,-11,0,-30,0,0,0,-4,0,0,0,0,0,0,0,0,0,0,0,0,0,0,0,0,0,0,0,0,0,0,0,0,0,0,0,0,0,0,0,0,0,0,0,0,0,0,0,0,0,0,0,0,1233,1120,1245,1090,1109,1136,793,0,0,0,519,0]} 1. d4 Nf6 2. c4 Nc6 3. Nf3 e6 4. g3 Bb4+ 5. Bd2 Bxd2+ 6. Qxd2 {E10: Blumenfeld Gambit} Qe7 7. Nc3 (7. a3 d5 8. Bg2 dxc4 9. Qc3 e5 10. dxe5 Ng4 11. O-O O-O 12. Qxc4 Ncxe5 13. Nxe5 Nxe5 14. Qb4 Qxb4 15. axb4 {1-0 (44) Fridman,D (2591)-Almasi,Z (2702) Batumi 2018}) 7... d5 8. cxd5 {The position is equal.} exd5 9. Bg2 O-O 10. O-O Bf5 11. e3 Rad8 $146 ({Predecessor:} 11... h6 12. Nh4 Be4 13. Nxe4 Nxe4 14. Qc2 {1-0 (61) Vekelis,G (2347)-Beth,N (2125) ICCF email 2012}) 12. Ne1 Ne4 13. Nxe4 dxe4 14. Rc1 Nb4 15. a3 Nd5 16. Nc2 h5 17. Nb4 h4 18. Rc5 c6 19. Nxd5 cxd5 20. Rfc1 b6 21. Rc7 Rd7 22. R7c2 Bg4 23. Qb4 Qf6 24. Rc8 Rxc8 25. Rxc8+ Kh7 26. Qf8 Kg6 27. Bf1 Rd6 {[#] White must now prevent ...hxg3.} 28. Rc7 Rd8 29. Qb4 a5 30. Qb5 Rd6 31. Be2 Bxe2 32. Qxe2 $11 {[%mdl 4096] Endgame KQR-KQR} Qf5 33. g4 Qg5 34. h3 f5 35. Kg2 Kh7 36. Rf7 Rf6 37. Rxf6 Qxf6 {KQ-KQ} 38. f4 exf3+ 39. Qxf3 fxg4 40. Qxd5 Qg6 {aiming for ...Qc2+.} 41. hxg4 Qxg4+ 42. Kf2 $1 Qg3+ 43. Ke2 $1 Kh6 44. Qf3 {And now Qxg3 would win.} Qc7 45. Qf5 Qg3 46. Qf3 Qd6 47. Qf5 g5 48. d5 Qh2+ 49. Qf2 Qc7 {Strongly threatening ...Qc4+.} 50. Qf6+ Kh5 {Hoping for ...Qc4+.} 51. d6 Qc4+ $2 {[%mdl 8192] [#]} (51... Qc2+ $11 52. Ke1 Qc1+ 53. Ke2 Qc2+ 54. Ke1 Qc1+ 55. Ke2 Qc2+) 52. Kd2 $1 $18 Qd5+ 53. Qd4 Qg2+ 54. Kd3 Qf1+ 55. Kd2 $2 ({White has to play} 55. Kc3 $18 Qf8 56. Qd1+ (56. Qxb6 Qe8 $16) 56... Kh6 57. d7) 55... Qg2+ $1 $11 56. Kd3 $2 {[%mdl 8192]} (56. Kc3 $11 Qc6+ 57. Kd2) 56... Qf1+ $1 $18 57. Kd2 $2 {Accuracy: White = 75%, Black = 77%.} (57. Kc3 $18 Qf8 58. Qd1+ (58. Qxb6 Qg7+ 59. Qd4 Qd7 $14) 58... Kg6 59. d7) 1/2-1/2

[Event "GAMMA Reykjavik Open 2019"]
[Site "Reykjavik"]
[Date "2019.04.08"]
[Round "1.13"]
[White "Van Foreest, Jorden"]
[Black "Ptacnikova, Lenka"]
[Result "1-0"]
[WhiteElo "2598"]
[BlackElo "2202"]
[Annotator "TA"]
[PlyCount "49"]
[EventDate "2019.04.04"]
[EventType "swiss"]
[EventCountry "ISL"]
[SourceTitle "playchess.com"]
[Source "ChessBase"]
[SourceQuality "1"]

{[%evp 14,49,38,41,34,44,32,37,31,25,41,29,54,30,32,25,62,56,68,67,74,74,69,75,124,106,247,233,300,305,388,326,331,329,329,323,508,519]} 1. d4 Nf6 2. c4 e6 3. Nf3 Bb4+ 4. Nbd2 O-O 5. a3 Be7 6. e4 d6 {E11: Bogo-Indian} (6... d5 7. e5 Nfd7 8. Bd3 c5 9. h4 g6 10. O-O Nc6 11. Nb3 dxc4 12. Bxc4 cxd4 13. Re1 a5 14. Bh6 Re8 15. Rc1 Nb6 {1-0 (39) Ding,L (2804)-Saric,I (2689) Batumi 2018}) 7. Be2 a5 8. O-O {LiveBook: 5 Games} Nc6 {White is slightly better.} 9. b3 $146 {[%cal Bb2b3,Bb3b4][%mdl 32]} ({Predecessor:} 9. Qc2 a4 10. Rd1 e5 11. d5 Nb8 12. c5 Nbd7 13. cxd6 cxd6 14. b4 axb3 15. Nxb3 {0-1 (46) Kuljasevic,D (2556)-Marjanovic,D (2400) Skopje 2018}) 9... e5 10. d5 Nb8 11. Bb2 Nbd7 12. b4 g6 13. Ne1 Ne8 14. Nd3 Bf6 15. c5 $36 {[%cal Bc4c5,Bc5c6][%mdl 2080] White has the initiative.} Bg7 16. c6 Nb6 17. bxa5 Rxa5 18. Bc3 Ra7 {[#]} 19. a4 $1 {[%cal Ba3a4,Ba4a5][%mdl 32] aiming for Nb4.} f5 (19... bxc6 $16 {is a better defense.} 20. Nb4 (20. dxc6 Be6 $16) 20... Bd7) 20. a5 fxe4 21. Nb4 ({Weaker is} 21. axb6 Rxa1 22. Bxa1 (22. Qxa1 exd3 23. Bxd3 cxb6 $11) 22... exd3 $11) 21... Nxd5 22. Nxd5 bxc6 23. Nb4 ({Worse is} 23. Nxe4 cxd5 24. Qxd5+ Kh8 $11) 23... Bd7 24. Nxe4 c5 (24... Nf6 {keeps fighting.}) 25. Nxc5 {[%mdl 64] Pin. Accuracy: White = 86%, Black = 40%.} 1-0

[Event "GAMMA Reykjavik Open 2019"]
[Site "Reykjavik"]
[Date "2019.04.08"]
[Round "1.14"]
[White "Kristjansson, Atli Freyr"]
[Black "Potkin, Vladimir"]
[Result "1/2-1/2"]
[WhiteElo "2198"]
[BlackElo "2597"]
[Annotator "TA"]
[PlyCount "186"]
[EventDate "2019.04.04"]
[EventType "swiss"]
[EventCountry "ISL"]
[SourceTitle "playchess.com"]
[Source "ChessBase"]
[SourceQuality "1"]

{[%evp 29,186,0,0,0,0,0,0,0,0,0,0,0,3,6,11,-49,-48,-86,-11,-18,-12,-26,0,0,0,0,0,-12,11,11,16,16,16,16,16,14,14,15,14,19,22,6,8,10,6,0,0,0,0,0,0,0,0,0,0,-250,-8,-8,-8,-8,-8,-173,-8,-20,-14,-22,-20,-79,0,0,0,0,0,0,0,0,0,0,8,0,0,-8,0,-8,0,0,0,0,0,-10,-10,-9,-10,-14,-14,-14,-8,-8,-8,-8,-8,-14,-14,-15,-14,-22,-18,-18,-18,-18,-17,-18,-18,-18,-18,-22,-14,-14,-14,-14,-14,-14,-14,-22,-14,-16,-10,-10,-10,-13,-9,-22,-22,-23,-13,-30,-30,-30,-30,-30,-30,-37,-37,-44,-26,-44,-44,-52,-52,-60,-60,-73,-34,-52,-8,-73,-52,-75,-26]} 1. Nf3 d5 2. d4 Nf6 3. c4 e6 4. Nc3 c6 5. e3 Nbd7 6. Qc2 Bd6 7. b3 O-O 8. Bb2 Re8 9. Be2 b6 10. O-O Bb7 11. e4 dxe4 12. Nxe4 Nxe4 13. Qxe4 Nf6 {D45: Semi-Slav: 5 e3} (13... Qe7 14. Bd3 f5 15. Qe2 c5 16. dxc5 Nxc5 17. Bc2 Rad8 18. Rad1 Ne4 19. Ne5 Qc7 20. Nf3 h6 21. h3 Bc5 22. Bxe4 Bxe4 23. Rxd8 Rxd8 {½-½ (68) Rosko,L (2312)-Korobov,A (2652) Czech Republic 2018}) 14. Qh4 c5 15. Rad1 Qe7 {LiveBook: 8 Games. The position is equal.} 16. Rfe1 cxd4 17. Nxd4 Bb4 18. Rf1 Ba3 $146 ({Predecessor:} 18... Ne4 19. Qxe7 Rxe7 20. Bf3 Nd2 21. Bxb7 Rxb7 {1-0 (42) Vasilev,M (2476)-Ochkov,R (1839) Sunny Beach 2007}) 19. Ba1 Bc5 20. Bf3 Bxf3 21. Nxf3 Rad8 22. Nd4 (22. Qf4 $11) 22... Qd7 $15 23. Qh3 e5 (23... Ne4 $1 $17 24. g3 Qb7) 24. Qxd7 $11 Rxd7 25. Nf5 Red8 26. Rxd7 Rxd7 27. Bxe5 Rd2 28. a4 Ng4 29. Bxg7 Bxf2+ 30. Kh1 Ne3 31. Nxe3 Kxg7 {[%mdl 4096] Endgame KRB-KRN} 32. Nd5 h5 33. g3 h4 34. gxh4 Bxh4 35. Rf4 Bf2 36. h3 Bc5 37. b4 Bd6 38. Rg4+ Kf8 39. h4 Ra2 40. a5 bxa5 41. c5 Be5 42. Rc4 $2 (42. Re4 $11 f6 43. bxa5) 42... Rd2 $2 (42... Rh2+ $1 $19 43. Kg1 Rd2) 43. Ne3 a4 44. c6 $1 {[%cal Rc6c7]} Bc7 45. Nc2 $2 {[#]} (45. Rc3 $1 $11 {and White is okay.}) 45... f5 $2 (45... Rd3 $1 $19 {Threatens to win with ...a3.} 46. b5 a3) 46. Na3 Rd5 47. b5 f4 $1 {[%cal Rf4f3] Strongly threatening ...f3.} 48. Kg2 {[#]} (48. Kg1 $11) 48... Rd2+ ({Better is} 48... f3+ $1 $17 {[%mdl 512]} 49. Kf2 (49. Kxf3 Rd3+) 49... Rd2+ 50. Kxf3 Rd3+ 51. Ke2 Rxa3) 49. Kf1 f3 50. Rc3 f2 51. Rf3+ Ke7 52. Rxf2 Rd3 53. Ra2 Rd4 54. Rc2 Rxh4 55. Rd2 Ke6 56. Rd7 Bb6 57. Ke2 Rb4 58. Kd2 Rb2+ 59. Kc1 Rb3 60. Nc2 $1 a3 {...a2 is the strong threat.} 61. Rd4 a2 {And now ...Rb1+ would win.} 62. Ra4 Rb1+ ({Don't play} 62... Rxb5 63. Rxa2 Rc5 64. Kd2 $17) 63. Kd2 Rxb5 64. Rxa2 Kd6 65. Na3 Rd5+ (65... Rh5 {feels hotter.} 66. Kc2 Kxc6 67. Nc4 Rh3 68. Ne5+ Kb7) 66. Kc3 Kxc6 67. Nc2 Rh5 68. Nb4+ Kb5 69. Nd3 Ba5+ 70. Kc2 Rh2+ 71. Kb3 Rh3 72. Kc2 Bb6 73. Rb2+ Kc6 74. Nb4+ Kd6 75. Nd3 Kc7 76. Nb4 Rh5 77. Kb3 a5 78. Nd3 Kc6 79. Re2 Rh3 80. Kc3 Bc7 {next ...Bd6 is good for Black.} 81. Rg2 Be5+ 82. Kc4 Rh4+ 83. Kb3 a4+ 84. Ka2 Bd6 85. Rc2+ Kb5 86. Nb2 Rh3 87. Nc4 Bc5 88. Nd2 Rh2 {aiming for ...Bb4.} 89. Rb2+ Bb4 $1 90. Ne4 Rh6 91. Nc3+ Kc4 92. Nb1 (92. Nxa4 $11 {keeps the balance.} Ra6 93. Rc2+ Kb5 94. Kb3) 92... Rh4 {White must now prevent ...Rh3.} 93. Rg2 Rf4 {Precision: White = 48%, Black = 55%.} 1/2-1/2

[Event "GAMMA Reykjavik Open 2019"]
[Site "Reykjavik"]
[Date "2019.04.08"]
[Round "1.15"]
[White "Christiansen, Johan-Sebastian"]
[Black "Le Goff, Ronan"]
[Result "1-0"]
[WhiteElo "2571"]
[BlackElo "2186"]
[Annotator "ChessBase"]
[PlyCount "59"]
[EventDate "2019.04.04"]
[EventType "swiss"]
[EventCountry "ISL"]
[SourceTitle "playchess.com"]
[Source "ChessBase"]
[SourceQuality "1"]
[TimeControl "40/5400+30:1800+30"]

1. Nf3 {[%emt 0:00:00]} Nf6 {[%emt 0:00:00]} 2. c4 {[%emt 0:00:00]} e6 {[%emt 0:00:00]} 3. g3 {[%emt 0:00:00]} d5 {[%emt 0:00:01]} 4. Bg2 {[%emt 0:00:00]} Be7 {[%emt 0:00:09]} 5. d4 {[%emt 0:00:06]} O-O {[%emt 0:00:41]} 6. O-O {[%emt 0:00:32]} dxc4 {[%emt 0:00:09]} 7. Qc2 {[%emt 0:00:11]} a6 {[%emt 0:00:07]} 8. a4 {[%emt 0:00:50]} Bd7 {[%emt 0:00:48]} 9. Bg5 {[%emt 0:00:09]} Bc6 {[%emt 0:05:46]} 10. Rd1 {[%emt 0:00:06]} a5 {[%emt 0:06:42]} 11. Nbd2 {[%emt 0:01:28]} Na6 {[%emt 0:00:27]} 12. Nxc4 {[%emt 0:00:05]} Nb4 {[%emt 0:01:31]} 13. Qb3 {[%emt 0:00:01]} Bd5 {[%emt 0:17:39]} 14. Nfe5 {[%emt 0:00:40]} Bxg2 {[%emt 0:01:49]} 15. Kxg2 {[%emt 0:00:19]} Nfd5 {[%emt 0:06:15]} 16. Bd2 {[%emt 0:12:34]} c6 {[%emt 0:20:09]} 17. e4 {[%emt 0:05:32]} Nf6 {[%emt 0:00:22]} 18. f3 {[%emt 0:00:07]} Qc7 {[%emt 0:02:43]} 19. Nxa5 {[%emt 0:15:57]} Qxa5 {[%emt 0:02:09]} 20. Nc4 {[%emt 0:00:56]} Qa7 {[%emt 0:03:24]} 21. Bxb4 {[%emt 0:00:18]} Bxb4 {[%emt 0:00:11]} 22. Qxb4 {[%emt 0:00:02]} Rfd8 {[%emt 0:00:39]} 23. Nb6 {[%emt 0:02:13]} Rab8 {[%emt 0:00:56]} 24. a5 {[%emt 0:01:38]} Ne8 {[%emt 0:00:32]} 25. Rd2 {[%emt 0:03:08]} Nc7 {[%emt 0:00:40]} 26. Rad1 {[%emt 0:03:03]} Na8 {[%emt 0:02:27]} 27. Nc4 {[%emt 0:08:07]} Nc7 {[%emt 0:00:57]} 28. Ne5 {[%emt 0:01:40]} Na6 {[%emt 0:01:57]} 29. Qe7 {[%emt 0:00:30]} Rf8 {[%emt 0:00:22]} 30. Nxc6 {[%emt 0:00:16]} 1-0

[Event "GAMMA Reykjavik Open 2019"]
[Site "Reykjavik"]
[Date "2019.04.08"]
[Round "1.16"]
[White "Dougherty, Michael"]
[Black "Gretarsson, Hjorvar Steinn"]
[Result "0-1"]
[WhiteElo "2183"]
[BlackElo "2571"]
[Annotator "TA"]
[PlyCount "46"]
[EventDate "2019.04.04"]
[EventType "swiss"]
[EventCountry "ISL"]
[SourceTitle "playchess.com"]
[Source "ChessBase"]
[SourceQuality "1"]

{[%evp 16,46,16,8,25,-11,15,10,20,-14,9,8,25,18,16,-31,-31,-215,-237,-265,-246,-253,-197,-379,-377,-349,-321,-443,-443,-411,-434,-508,-491]} 1. d4 f5 2. c4 Nf6 3. Nc3 e6 4. g3 Bb4 5. Bg2 O-O 6. Nf3 b6 7. Qb3 Bxc3+ 8. Qxc3 Bb7 9. O-O d6 {A84: Dutch Defence: 2 c4 Miscellaneous} 10. Ne1 $146 ({Predecessor:} 10. b3 Qe8 11. Bb2 Nbd7 12. Rad1 Qh5 13. d5 e5 14. Nd2 Rae8 15. e4 Nxe4 16. Nxe4 fxe4 17. Bxe4 {½-½ (76) Paravyan,D (2426)-Vysochin,S (2531) Riga 2013}) 10... Ne4 11. Qe3 {aiming for f3.} Qe7 {The position is equal.} 12. Nd3 Nd7 13. b3 e5 14. dxe5 dxe5 15. f4 exf4 16. gxf4 $2 {[#]} (16. Qxf4 $15 Nc3 17. Re1 Bxg2 18. Kxg2) 16... Rf6 $1 $19 17. Rf3 Re8 18. Bb2 Rg6 19. Ne5 $2 (19. Rd1) 19... Nxe5 20. Bxe5 Qh4 21. Rh3 {[#]} Rxg2+ $1 {[%mdl 512]} 22. Kxg2 Ng5+ 23. Rf3 Qh3+ {[%mdl 64] Double Attack, Pin. Accuracy: White = 27%, Black = 46%.} 0-1

[Event "GAMMA Reykjavik Open 2019"]
[Site "Reykjavik"]
[Date "2019.04.08"]
[Round "1.17"]
[White "Fier, Alexandr"]
[Black "Ingvason, Johann"]
[Result "1-0"]
[WhiteElo "2570"]
[BlackElo "2181"]
[Annotator "TA"]
[PlyCount "52"]
[EventDate "2019.04.04"]
[EventType "swiss"]
[EventCountry "ISL"]
[SourceTitle "playchess.com"]
[Source "ChessBase"]
[SourceQuality "1"]

{[%evp 18,52,47,40,89,72,60,69,64,73,99,85,95,77,146,133,136,142,136,146,140,142,158,147,133,128,125,116,138,72,75,92,107,107,107,106,120]} 1. Nf3 Nf6 2. c4 g6 3. d4 c5 4. Nc3 cxd4 5. Nxd4 Bg7 6. e4 O-O 7. Be2 Nc6 8. Be3 d6 9. O-O Nd7 10. Qd2 a5 {B38: Sicilian: Maroczy Bind with 5...Bg7 and 7...0-0} 11. Rfd1 Nxd4 12. Bxd4 Bxd4 $146 {White is slightly better.} ({Predecessor:} 12... b6 13. Bxg7 Kxg7 14. Qd4+ f6 15. Bg4 Nc5 16. Bxc8 Qxc8 17. Qe3 Qc6 {0-1 (63) Iveljic,I (2273)-Bogut,Z (2467) Banja Vrucica 2009}) 13. Qxd4 Qb6 14. Nd5 {[%cal Rd5e7][%mdl 64] Double Attack} Qd8 15. Qe3 Nc5 {[#]} (15... b6 $142) 16. e5 $1 $16 Be6 {[#]} 17. Nxe7+ $1 {[%mdl 512]} Qxe7 18. exd6 Qf6 19. Qxc5 {Strongly threatening Qb6.} Qxb2 20. Bf1 b6 21. Qe3 {And now Rab1 would win.} Bf5 22. Rac1 Rfe8 23. Qd2 (23. Qf3 $142) 23... Qxd2 {White is better.} 24. Rxd2 Red8 25. c5 bxc5 26. Rxc5 Be6 {Accuracy: White = 46%, Black = 49%.} 1-0

[Event "GAMMA Reykjavik Open 2019"]
[Site "Reykjavik"]
[Date "2019.04.08"]
[Round "1.18"]
[White "Esbensen, Arnt"]
[Black "Djukic, Nikola"]
[Result "0-1"]
[WhiteElo "2176"]
[BlackElo "2566"]
[Annotator "TA"]
[PlyCount "77"]
[EventDate "2019.04.04"]
[EventType "swiss"]
[EventCountry "ISL"]
[SourceTitle "playchess.com"]
[Source "ChessBase"]
[SourceQuality "1"]

{[%evp 11,77,13,15,8,25,14,26,18,23,6,38,43,71,67,72,37,72,71,67,72,60,74,77,-32,-32,-42,0,0,0,-15,-18,-11,0,0,4,-31,-45,-35,-46,-127,-124,-138,-104,-109,-93,-104,-101,-175,-187,-277,-278,-270,-276,-269,-275,-246,-260,-392,-391,-374,-384,-468,-467,-450,-443,-1157,-1056,-826]} 1. d4 Nf6 2. c4 g6 3. Nf3 Bg7 4. Nc3 O-O 5. Bf4 d6 6. e3 Nc6 7. Be2 {E61: King's Indian: Early deviations for White, including Smyslov System} (7. h3 Nd7 8. Be2 h6 9. O-O e5 10. Bh2 Re8 11. Rc1 exd4 12. Nxd4 Nde5 13. Nf3 a5 14. Qd2 Nxf3+ 15. Bxf3 {0-1 (78) Georgiev,K (2623)-Melkumyan,H (2633) Riadh 2017}) 7... Nh5 8. Bg5 h6 9. Bh4 {White has an edge.} g5 10. d5 $146 ({Predecessor:} 10. Nd2 Nf6 11. Bg3 e5 12. dxe5 Nxe5 13. Nf3 Nfd7 14. Qc2 Nxf3+ 15. Bxf3 {0-1 (33) Walow,X (1778)-Grunert,W (1672) Willingen 2018}) 10... Nb8 11. Nd4 Nf4 12. exf4 gxh4 13. Qd3 c6 14. Nf5 (14. Rd1 {feels hotter.} Na6 15. O-O Bd7 16. Nf5 Nc5 17. Qc2) 14... cxd5 15. cxd5 ({But not} 15. Nxg7 $6 dxc4 16. Qxc4 (16. Qd4 Nc6 $15) 16... Kxg7 $11) 15... Bxf5 16. Qxf5 Qc8 17. Qxc8 ({Better is} 17. Qc2 $16) 17... Rxc8 $15 18. Kd2 Bxc3+ 19. bxc3 Rc7 20. Rhe1 Nd7 21. Rab1 Nb6 22. Rb5 Kf8 23. Bd3 Rac8 24. Bf5 Rc5 25. Reb1 {[#]} (25. Rxb6 $15 Rxd5+ 26. Kc2 Rxf5 27. Rxb7) 25... R8c7 $1 $17 26. R1b3 Rxd5+ 27. Rxd5 Nxd5 {[%mdl 4096] Endgame KRB-KRN} 28. Be4 Nb6 29. Ke2 (29. Rb4 $17 {might work better.}) 29... Na4 $19 30. Rxb7 (30. Bf5 $142) 30... Nxc3+ 31. Kd3 Rxb7 32. Bxb7 Nxa2 {KB-KN} 33. Kc4 {White wants to play Ba6.} a5 34. Kb5 (34. Be4 {was called for.}) 34... Nc3+ 35. Kxa5 Nd1 36. Kb4 Nxf2 {Black is clearly winning.} 37. Kc3 h3 38. g3 (38. f5 $142 hxg2 39. Bxg2) 38... Ng4 39. Kd4 {Accuracy: White = 30%, Black = 74%.} 0-1

[Event "GAMMA Reykjavik Open 2019"]
[Site "Reykjavik"]
[Date "2019.04.08"]
[Round "1.19"]
[White "Stefansson, Hannes"]
[Black "Gantar, Jan"]
[Result "1-0"]
[WhiteElo "2558"]
[BlackElo "2172"]
[Annotator "TA"]
[PlyCount "61"]
[EventDate "2019.04.04"]
[EventType "swiss"]
[EventCountry "ISL"]
[SourceTitle "playchess.com"]
[Source "ChessBase"]
[SourceQuality "1"]

{[%evp 17,61,44,44,40,38,-25,-28,-29,89,112,105,100,138,127,126,126,116,97,164,155,191,189,189,191,222,183,335,318,404,402,514,519,726,718,711,691,1485,1448,2524,2473,29987,29988,29988,29989,29989,29990]} 1. e4 Nf6 2. e5 Nd5 3. d4 d6 4. c4 Nb6 5. exd6 cxd6 6. Nc3 g6 7. Be3 Bg7 8. Rc1 O-O 9. b3 Bf5 10. Be2 {B03: Alekhine's Defence: Four Pawns Attack} d5 11. Bf3 ({White should try} 11. c5 $14 Nc8 12. g4) (11. c5 Nc8 12. Bf3 e6 13. g4 Be4 14. Nxe4 dxe4 15. Bxe4 Nc6 16. Ne2 N8e7 17. O-O Qd7 {1-0 (34) Corrales Jimenez,F (2559)-Zhao,J (2610) chess.com INT 2019}) 11... Nc6 $11 12. g4 $146 {[%cal Rc4d5] Black has an edge.} ({Predecessor:} 12. c5 e5 13. cxb6 exd4 14. Nxd5 dxe3 15. Nxe3 Qxb6 16. Nxf5 Rad8 17. Qe2 gxf5 18. Bxc6 bxc6 19. Qc2 Rfe8+ 20. Ne2 Qb4+ {0-1 (20) Reinwald,P (2231)-Grimm,D (2319) Austria 2016}) 12... Be4 (12... Bc8 $11 {remains equal.}) 13. Nxe4 $16 dxe4 14. Bxe4 Nxd4 15. Bxb7 Rb8 16. Bg2 e5 17. Nf3 (17. Ne2 {feels hotter.} Qh4 18. O-O Ne6 19. h3 Qe7 20. Qc2) 17... Re8 (17... Qe7 $16) 18. O-O $18 Nxf3+ 19. Qxf3 e4 20. Qg3 Qe7 21. Rfe1 Qa3 $2 {[#]} (21... Rbd8 22. Rcd1 Be5) 22. Bxe4 $1 {[%mdl 512]} Qxa2 (22... Rxe4 23. Qxb8+) 23. c5 Nd7 24. c6 Ne5 25. c7 Rbc8 26. Bb7 Nd3 {intending ...Be5.} 27. Bxc8 Rxc8 28. Qd6 Nxe1 29. Qd8+ {[%mdl 64] [#] Double Attack. White mates.} Bf8 30. Qxc8 Nf3+ 31. Kh1 {Accuracy: White = 75%, Black = 17%.} 1-0

[Event "GAMMA Reykjavik Open 2019"]
[Site "Reykjavik"]
[Date "2019.04.08"]
[Round "1.20"]
[White "Thorhallsson, Simon"]
[Black "Cornette, Matthieu"]
[Result "0-1"]
[WhiteElo "2171"]
[BlackElo "2556"]
[Annotator "TA"]
[PlyCount "98"]
[EventDate "2019.04.04"]
[EventType "swiss"]
[EventCountry "ISL"]
[SourceTitle "playchess.com"]
[Source "ChessBase"]
[SourceQuality "1"]

{[%evp 13,98,46,47,41,70,67,51,19,29,25,18,24,23,20,30,26,22,25,32,20,27,1,14,0,31,-8,-8,-43,-43,-44,-36,-37,-41,-68,-94,-75,-76,-85,-52,-45,-56,-115,-83,-112,-115,-118,-128,-115,-115,-119,-118,-115,-125,-127,-129,-132,-131,-130,-133,-136,-127,-150,-142,-123,-123,-123,-118,-180,-176,-164,-173,-226,-226,-223,-220,-229,-229,-209,-172,-171,-166,-596,-596,-587,-497,-518,-506]} 1. d4 e6 2. c4 b6 3. e4 Bb7 4. Bd3 Bb4+ 5. Kf1 (5. Bd2 Bxd2+ 6. Qxd2 f5 7. Nc3 Nf6 8. f3 Nc6 9. Nge2 fxe4 10. fxe4 e5 11. d5 Ne7 12. O-O O-O 13. Ng3 {0-1 (31) Riazantsev,A (2650)-Alekseev,E (2616) Riadh 2017}) 5... Be7 6. Nc3 {A40: Unusual replies to 1 d4} d6 7. Nf3 Nd7 {LiveBook: 30 Games} 8. Qe2 {White is slightly better.} Bf6 9. Bd2 Ne7 10. g3 $146 ({Predecessor:} 10. Re1 a6 11. Qd1 c5 12. d5 O-O {1-0 (34) Flear,G (2455)-Sulava,N (2480) Espalion 2017}) 10... O-O 11. Kg2 c5 12. d5 $1 Ng6 13. Rae1 Re8 14. Qd1 a6 15. a4 h6 16. Qc2 Rc8 17. Bc1 Bd4 18. Rhf1 Qf6 19. Nd1 {[#]} b5 $1 {[%mdl 512]} 20. axb5 axb5 {Hoping for ...Nde5.} 21. b3 $1 Nge5 $36 {[%mdl 2048] Black has the initiative.} 22. Nxe5 $1 Nxe5 23. f4 Nxd3 24. Qxd3 bxc4 25. bxc4 exd5 26. exd5 Ba6 27. Nf2 (27. Bd2 $15) 27... Bxf2 28. Kxf2 Qa1 29. Bd2 Qa2 30. Rc1 Rb8 {White must now prevent ...Rb3.} 31. Rc2 Rb2 32. Rxb2 Qxb2 33. Rc1 {[#]} Re4 $1 {[%mdl 512] Threatens to win with ...Rd4.} 34. Rb1 (34. Qxe4 Qxd2+) 34... Rd4 35. Rxb2 {White wants to mate with Rb8+.} Rxd3 $17 {[%mdl 4096] Endgame KRB-KRB} 36. Ba5 Bxc4 37. Rb8+ Kh7 38. Rd8 Rxd5 39. Bc7 Rd2+ 40. Ke1 (40. Kg1 $17 {is a better defense.}) 40... Re2+ $19 41. Kd1 Rxh2 42. Bxd6 (42. Rxd6 {was called for.} Be6 43. Rd2) 42... Bb3+ 43. Ke1 {[#]} c4 $1 44. Be5 f6 45. Bd4 Rh1+ 46. Ke2 Rd1 {...c3! is the strong threat.} 47. Ke3 $2 (47. Bb6 Rb1 48. Ba5) 47... Rd3+ {Black is clearly winning.} 48. Ke4 Rxg3 49. Rc8 h5 {Precision: White = 53%, Black = 63%.} 0-1